One Piece All of The Yonko Crews - Statistics

General Stats
  • This quiz has been taken 64 times
  • The average score is 72 of 182
Answer Stats
Hint Answer % Correct
Musician Brook
97%
Shipwright Franky
97%
Helmsmen Jinbe
97%
Captain Monkey D. Luffy
97%
Naviagator Nami
97%
Archeologist Nico Robin
97%
Swordsman Roronoa Zoro
97%
Doctor Tony Tony Chopper
97%
Sniper Usopp
97%
Cook Vinsmoke Sanji
97%
Big Mom Pirates Captain Charlotte Linlin
90%
Honorary Member Nefertari D. Vivi
90%
Red Hair Pirates Captain Shanks
90%
Whitebeard Pirates Captain Edward Newgate
87%
Beast Pirates Captain Kaido
87%
Barto Club Captain Bartolomeo
83%
Big Mom Pirates Sweet Commander Charlotte Katakuri
83%
Blackbeard Pirates Titanic Captain 9 Doc Q
83%
Whitebeard Pirates First Division Commander Marco
83%
Blackbeard Pirates Captain Marshall D. Teach
83%
Whitebeard Pirates Second Division Commander Portgas D. Ace
83%
Whitebeard Subordinate Captains A O
80%
Red Hair Pirates First Mate Benn Beckman
80%
Beast Pirates Tobiroppo Black Maria
80%
Cross Guild Captain Buggy
80%
Beautiful Pirates Captain Cavendish
80%
Beast Pirates All Star Jack
80%
Beast Pirates All Star King
80%
Beast Pirates All Star Queen
80%
Beast Pirates Captains Son Yamato
80%
Red Hair Pirates Sniper Yasopp
80%
Cross Guild Officer Crocodile
77%
Blackbeard Pirates Titanic Captain 1 Jesus Burgess
77%
Big Mom Pirates Sweet Commander Charlotte Cracker
73%
Big Mom Pirates Sweet Commander Charlotte Smoothie
73%
Red Hair Pirates Cook Lucky Roux
73%
Cross Guild Officer Mihawk
73%
Beast Pirates Tobiroppo Page One
73%
Beast Pirates Tobiroppo Ulti
73%
Beast Pirates Tobiroppo X Drake
73%
Blackbeard Pirates Titanic Captain 6 Catarina Devon
70%
Big Mom Pirates Officer Charlotte Oven
70%
Beast Pirates Tobiroppo Who's Who
70%
Whitebeard Pirates Third Division Commander Jozu
67%
Tontotta Pirates Captain Leo
67%
Happo Navy Leader Sai
67%
Homie Zeus
67%
Big Mom Pirates Officer Charlotte Mont-d'Or
63%
Cross Guild Member Daz Bonez
63%
Cross Guild Member Galdino
63%
Ideo Pirates Captain Ideo
63%
Whitebeard Pirates Fifth Division Commander Vista
63%
Cross Guild Member Alvida
60%
Blackbeard Pirates Titanic Captain 10 Aokiji
60%
Wife of Happo Navy Leader Baby 5
60%
Big Mom Pirates Officer Charlotte Daifuku
60%
Big Mom Pirates Officer Charlotte Perospero
60%
Whitebeard Pirates Sixteenth Division Commander Izo
60%
Homie Prometheus
60%
Blackbeard Pirates Titanic Captain 7 Sanjuan Wolf
60%
Beast Pirates Shinuchi / Supernova Scratchmen Apoo
60%
Blackbeard Pirates Titanic Captain 2 Shiryu
60%
Whitebeard Pirates Fourth Division Commander Thatch
60%
Blackbeard Pirates Titanic Captain 3 Van Augur
60%
Blackbeard Pirates Titanic Captain 4 Avalo Pizarro
57%
Beast Pirates Shinuchi / Supernova Basil Hawkins
57%
New Giant Warrior Pirates Captain Hajrudin
57%
Blackbeard Pirates Titanic Captain 5 Laffitte
57%
Yonta Maria Captain Orlumbus
57%
Beast Pirates Tobiroppo Sasaki
57%
Blackbeard Pirates Titanic Captain 8 Vasco Shot
57%
Ex- Whitebeard Pirates Second Division Commander Kozuki Oden
53%
Homies Napoleon
53%
Cross Guild Member Cabaji
50%
Big Mom Pirates Officer Charlotte Brulee
50%
Big Mom Pirates Officer Charlotte Pudding
50%
Ex- Happo Navy Leader Chinjao
50%
Homie Hera
50%
Cross Guild Member Richie
50%
Red Hair Pirates Recruit Rockstar
50%
Blackbeard Pirates Horse Stronger
50%
Ex- Big Mom Pirates Sweet Commander Charlotte Snack
47%
Big Mom Pirates Combatants Pekoms
47%
Big Mom Pirates Combatants Baron Tamago
43%
Dog Mink Inuarashi
43%
Cat Mink Nekomamushi
43%
Cross Guild Member Mohji
40%
Red Hair Pirates Pet Monster
40%
Beast Pirates Shinuchi Speed
40%
Red Hair Pirates Officer Limejuice
37%
Long Leg Ideo Pirate Blue Gilly
33%
Brother of Happo Navy Leader Boo
33%
Beast Pirates Shinuchi Babanuki
30%
Whitebeard Pirates Sixth Division Commander Blamenco
30%
Big Mom Pirates Officer Charlotte Amande
30%
Beast Pirates Shinuchi Holdem
30%
Ex- Bounty Hunter Ideo Pirates Abdullah
27%
Tontotta Pirates Officer Bian
27%
Red Hair Pirates Musician Bonk Punch
27%
Ex- Bounty Hunter Ideo Pirates Jeet
27%
Beautiful Pirates Swordsman Suleiman
27%
Red Hair Pirates Naviagator Building Snake
23%
Yonta Maria Member Columbus
23%
Beautiful Pirates Horse Farul
23%
Barto Club Staff Officer Gambia
23%
Red Hair Pirates Doctor Hongo
23%
Red Hair Pirates Officer Howling Gab
23%
Tontotta Pirates Officer Kabu
23%
Whitebeard Pirates Eighth Division Commander Namur
23%
New Giant Warrior Pirates Naviagator Road
23%
Big Mom Pirates Combatants Streusen
23%
Beast Pirates Gifters Batman
20%
New Giant Warrior Pirates Doctor Gerd
20%
New Giant Warrior Pirates Cook Goldberg
20%
Whitebeard Subordinate Captains Little Oar Jr.
20%
Whitebeard Subordinate Captains Squard
20%
New Giant Warrior Pirates Shipwright Stansen
20%
Whitebeard Subordinate Captains Whitey Bay
20%
Whitebeard Pirates Thirteenth Division Commander Atmos
17%
Whitebeard Pirates Ninth Division Commander Blenheim
17%
Big Mom Pirates Officer Charlotte Compote
17%
Whitebeard Pirates Fifteenth Division Commander Fossa
17%
Whitebeard Pirates Twelfth Division Commander Haruta
17%
Whitebeard Pirates Fourtenth Division Commander Speed Jiru
17%
Whitebeard Pirates Seventh Division Commander Rakuyo
13%
Beast Pirates Gifters Sheepshead
13%
Whitebeard Pirates Tenth Division Commander Curiel
10%
Whitebeard Subordinate Captains Epoida
10%
Beast Pirates Gifters Gazelleman
10%
Beast Pirates Gifters Ginrummy
10%
Whitebeard Pirates Eleventh Division Commander Kingdew
10%
Blackbeard Subordinate Captain Peachbeard
10%
Whitebeard Subordinate Captains Bizarre
7%
Big Mom Pirates Combatants Bobbins
7%
Tontotta Pirates Officer Bomba
7%
Beast Pirates Numbers Fuga
7%
Beast Pirates Numbers Hatcha
7%
Whitebeard Subordinate Captains McGuy
7%
Whitebeard Subordinate Captains Amadob
3%
Whitebeard Subordinate Captains Andre
3%
Whitebeard Subordinate Captains Baggaley
3%
Whitebeard Subordinate Captains Blondie
3%
Whitebeard Subordinate Captains Brew
3%
Whitebeard Subordinate Captains Brocca
3%
Whitebeard Subordinate Captains Cands
3%
Whitebeard Subordinate Captains Choi
3%
Whitebeard Subordinate Captains Colscon
3%
Whitebeard Subordinate Captains Doma
3%
Whitebeard Subordinate Captains Elmy
3%
Whitebeard Subordinate Captains Forliewbs
3%
Red Hair Pirates Subordinate Captain Fugar
3%
Red Hair Pirates Subordinate Captain Gerotini
3%
Beast Pirates Numbers Goki
3%
Whitebeard Subordinate Captains Hangan
3%
Beast Pirates Numbers Inbi
3%
Whitebeard Subordinate Captains Islewan
3%
Beast Pirates Numbers Jaki
3%
Whitebeard Subordinate Captains Karma
3%
Whitebeard Subordinate Captains Kinga
3%
Red Hair Pirates Subordinate Captain Linaria
3%
Whitebeard Subordinate Captains Palms
3%
Red Hair Pirates Subordinate Captain Pururu
3%
Whitebeard Subordinate Captains Ramba
3%
Whitebeard Subordinate Captains Sleepy
3%
Whitebeard Subordinate Captains Zucca
3%
Whitebeard Subordinate Captains Agsilly
0%
Whitebeard Subordinate Captains Arthur
0%
Whitebeard Subordinate Captains Delacuaji
0%
Barto Club Desire
0%
Whitebeard Subordinate Captains Great Micheal
0%
Whitebeard Subordinate Captains Happygun
0%
Whitebeard Subordinate Captains Julius
0%
Whitebeard Subordinate Captains Kechatch
0%
Whitebeard Subordinate Captains Ninth
0%
Whitebeard Subordinate Captains Nosgarl
0%
Whitebeard Subordinate Captains Pavlik
0%
Tontotta Pirates Officer Rampale
0%
Whitebeard Subordinate Captains Reforte
0%
Whitebeard Subordinate Captains Rush
0%
Whitebeard Subordinate Captains Vitan
0%
Whitebeard Subordinate Captains Wallem
0%
Whitebeard Subordinate Captains Zodia
0%
No matching quizzes found
Score Distribution
Percent of People with Each Score
Percentile by Number Answered
Your Score History
You have not taken this quiz